| Tag |
First Indicator |
Second Indicator |
Subfields |
| LEADER |
00000cam a2200000Ia 4500 |
| 001 |
in00002425713 |
| 005 |
20190327171553.0 |
| 006 |
m d |
| 007 |
cr cn||||||||| |
| 008 |
070802s2006 ne a s 001 0 eng d |
| 020 |
|
|
|a 9780750668798
|
| 020 |
|
|
|a 0750668792
|
| 035 |
|
|
|a (OCoLC)ocn162130473
|
| 035 |
|
|
|a (OCoLC)162130473
|
| 037 |
|
|
|a 116326:116424
|b Elsevier Science & Technology
|n http://www.sciencedirect.com
|
| 040 |
|
|
|a OPELS
|c OPELS
|d BAKER
|d OCLCQ
|d UtOrBLW
|
| 049 |
|
|
|a TEFA
|
| 050 |
1 |
4 |
|a TJ223.P76
|b I273 2006eb
|
| 082 |
0 |
4 |
|a 629.89
|2 22
|
| 100 |
1 |
|
|a Ibrahim, Dogan.
|
| 245 |
1 |
0 |
|a PIC BASIC projects :
|b 30 projects using PIC BASIC and PIC BASIC PRO /
|c by Dogan Ibrahim.
|
| 264 |
|
1 |
|a Amsterdam ;
|a Boston ;
|a London :
|b Elsevier,
|c [2006]
|
| 264 |
|
4 |
|c ©2006
|
| 300 |
|
|
|a x, 367 pages :
|b illustrations ;
|c 24 cm. +
|e 1 CD-ROM
|
| 336 |
|
|
|a text
|b txt
|2 rdacontent
|
| 337 |
|
|
|a computer
|b c
|2 rdamedia
|
| 338 |
|
|
|a online resource
|b cr
|2 rdacarrier
|
| 533 |
|
|
|a Electronic reproduction.
|b Amsterdam :
|c Elsevier Science & Technology,
|d 2007.
|n Mode of access: World Wide Web.
|n System requirements: Web browser.
|n Title from title screen (viewed on July 25, 2007).
|n Access may be restricted to users at subscribing institutions.
|
| 520 |
|
|
|a Covering the PIC BASIC and PIC BASIC PRO compilers, PIC Basic Projects provides an easy-to-use toolkit for developing applications with PIC BASIC. Numerous simple projects give clear and concrete examples of how PIC BASIC can be used to develop electronics applications, while larger and more advanced projects describe program operation in detail and give useful insights into developing more involved microcontroller applications. Including new and dynamic models of the PIC microcontroller, such as the PIC16F627, PIC16F628, PIC16F629 and PIC12F627, PIC Basic Projects is a thoroughly practical, hands-on introduction to PIC BASIC for the hobbyist, student and electronics design engineer. * Packed with simple and advanced projects which show how to program a variety of interesting electronic applications using PIC BASIC * Covers the new and powerful PIC16F627, 16F628, PIC16F629 and the PIC12F627 models * A CDROM includes program source files, HEX code, data sheets of devices, sensors and schematics of the circuits used in the book.
|
| 505 |
0 |
|
|a Chapter 1: Microcontroller Systems -- Chapter 2: The PIC Microcontroller -- Chapter 3: Using BASIC Language to Program PIC Microcontrollers -- Chapter 4: PIC BASIC Project Development -- Chapter 5: Light Projects -- Chapter 6: Sound Projects -- Chapter 7: Temperature Projects -- Chapter 8: RS232 Serial Communications Projects -- Appendix A: ASCII Code -- Appendix B: PIC BASIC Instruction Set -- Appendix C: PIC BASIC PRO Instruction Set.
|
| 500 |
|
|
|a Includes index.
|
| 500 |
|
|
|a Electronic resource.
|
| 650 |
|
0 |
|a Programmable controllers.
|
| 650 |
|
0 |
|a BASIC (Computer program language)
|
| 655 |
|
7 |
|a Electronic books.
|2 local
|
| 730 |
0 |
|
|a Referex.
|
| 776 |
1 |
|
|c Original
|z 0750668792
|z 9780750668798
|w (OCoLC)69732686
|
| 856 |
4 |
0 |
|u http://proxy.library.tamu.edu/login?url=http://www.sciencedirect.com/science/book/9780750668798
|z Connect to the full text of this electronic book
|t 0
|
| 938 |
|
|
|a Baker & Taylor
|b BKTY
|c 29.95
|d 22.46
|i 0750668792
|n 0006780309
|s active
|
| 994 |
|
|
|a C0
|b TEF
|
| 999 |
|
|
|a MARS
|
| 999 |
f |
f |
|s dfdde4f1-77a9-34d2-b22d-0bf4ca040033
|i d94b4423-279c-3e36-9898-4a65b17d513f
|t 0
|
| 952 |
f |
f |
|a Texas A&M University
|b College Station
|c Electronic Resources
|d Available Online
|t 0
|e TJ223.P76 I273 2006eb
|h Library of Congress classification
|
| 998 |
f |
f |
|a TJ223.P76 I273 2006eb
|t 0
|l Available Online
|